00493nam a2200193 a 4500001001300000003000900013005001700022008004100039020000900080082001600089100002200105245002400127260005000151300000900201500003500210505001500245650001700260700002200277nice12345678IN_TiNIC20260116011253.0050524s1962 cama grp 000 0 eng  ac2100a297.4bARB3 aArberry, Arthur J aFifty Poem of Hafiz aCambridge bCambridge University Press c1962 a187p aincludes index and biblioraphy2 aIll, Index aSufism-Hafiz1 aArberry, Arthur J